| 000 | 10439nam a22007577a 4500 | ||
|---|---|---|---|
| 005 | 2010101908158.0 | ||
| 008 | 101019t xxu||||| |||| 00| 0 hin d | ||
| 010 | _aHIN-95319 B-487971-488006 | ||
| 020 |
_c250.00 _a9780070679740 |
||
| 020 | _a0070679746 | ||
| 035 | _aHN-67665 B-487971-488006 | ||
| 037 | _bDBAD / PUB | ||
| 037 | _bरिसर्चो बुक सेंटर | ||
| 040 |
_aDPL _bHN |
||
| 082 | _a342.54 | ||
| 100 |
_923632 _aशीलवंत सिंह |
||
| 245 |
_aसंविधान एवं राज व्यवस्था: _bसिविल सेवा परिक्षा के लिए / _cशीलवंत सिंह |
||
| 260 |
_aनई दिल्ली _bटाटा मेग्राहिल्स _c2010 |
||
| 270 |
_bनई दिल्ली _a7,वेस्ट पटेल नगर, _e110008 |
||
| 300 | 1 |
_aवि.पृ. _c22सेमी (अजिल्द) |
|
| 490 |
_aTaTa Mcgraw hill's we Series _954943 |
||
| 650 | _9657 | ||
| 650 | _934273 | ||
| 700 | _939143 | ||
| 710 |
_934811 _aतिवारी, सच्चिदानन्द |
||
| 710 | _935049 | ||
| 942 |
_2ddc _cHN _mशीलवं _h342.54 |
||
| 999 |
_c61690 _d61690 |
||